|
|
|
|
| LEADER |
00000cab a2200000 ar4500 |
| 001 |
vtls008413383 |
| 003 |
SK-MaSNL |
| 005 |
20260303070223.0 |
| 008 |
051205c2005 xo br|p|||||||000 b|slo |
| 015 |
|
|
|a SNBRB2005/12
|
| 038 |
|
|
|a PPPKcl
|
| 040 |
|
|
|a PPPKCL
|b slo
|c PPPK
|e AACR2
|
| 041 |
0 |
|
|a slo
|
| 044 |
|
|
|a xo
|c SK
|
| 080 |
|
|
|a 614.88
|x (437.6)
|2 UDC-MRF-SK2
|
| 080 |
|
|
|a 627.775
|x (437.6)
|2 UDC-MRF-SK2
|
| 245 |
0 |
0 |
|a Zimná sezóna očami záchranárov
|b úrazy a nehody v apríli
|c [autori] -ate,zhs- ; snímka Tibor Kováč
|
| 300 |
|
|
|b Fotogr.
|
| 610 |
1 |
7 |
|a Horská záchranná služba (Vysoké Tatry, Slovensko)
|2 pppkcl
|9 55573
|
| 610 |
2 |
7 |
|a Air Transport Europe (Poprad, Slovensko)
|2 pppkcl
|9 723506
|
| 648 |
|
7 |
|a apríl 2005
|2 pppkcl
|9 1067352
|
| 650 |
0 |
7 |
|a záchranné akcie
|2 pppkcl
|9 1024242
|
| 773 |
0 |
|
|t Tatry
|g Roč. XLIV, č. 4 (2005), s. 27
|x 1335-6828
|
| 852 |
|
|
|a PPPK
|b KIS3GCP
|
| 999 |
|
|
|c 1754434
|d 1756364
|